Indice de acuerdos -Tomados en las sesiones celebradas por el Consejo Agropecuario Nacional, 1974
Guardat en:
| Autor corporatiu: | |
|---|---|
| Format: | Text |
| Publicat: |
San José:
El Consejo
|
| Matèries: | |
| Etiquetes: |
Afegir etiqueta
Sense etiquetes, Sigues el primer a etiquetar aquest registre!
|
MARC
| LEADER | 00000 a a2200000 04500 | ||
|---|---|---|---|
| 001 | 18226 | ||
| 003 | |||
| 040 | |||
| 090 | |a 023400 | ||
| 110 | |a Costa Rica. Ministerio de Agricultura y Ganadería. Consejo Agropecuario Nacional | ||
| 245 | |a Indice de acuerdos -Tomados en las sesiones celebradas por el Consejo Agropecuario Nacional, 1974 | ||
| 260 | |a San José: |b El Consejo | ||
| 300 | |a 66 p. | ||
| 650 | |a ASPECTOS AGRICOLAS | ||
| 999 | |c 4988 |d 4988 | ||
